Jornadas sobre "Alternativas de desarrollo"

Guardado en:
Bibliografiske detaljer
Format: Texto
Tags: Tilføj Tag
Ingen Tags, Vær først til at tagge denne postø!

MARC

LEADER 00000 a a2200000 04500
001 2694
003
040
245 |a Jornadas sobre "Alternativas de desarrollo"  
773 |g número 11; páginas 95-102  
999 |c 28555  |d 28555